000
00316nam a2200133Ia 4500
005
20260328101448.0
008
260328s9999||||xx |||||||||||||| ||und||
100
_a
Collymore, Peter
245
0
_a
Ralph Erskine /
_c
Peter Collymore
260
_b
Gustavo Gili
300
_a
184 p.
650
_a
ARQUITECTOS
942
_c
BK
999
_c
8547
_d
8547